<?xml version="1.0" encoding="UTF-8"?>
<marc:record xmlns:marc="http://www.loc.gov/MARC21/slim" type="Bibliographic">
   <marc:leader>00000pam a2200000 c 4500</marc:leader>
   <marc:controlfield tag="001">1079490655</marc:controlfield>
   <marc:controlfield tag="003">DE-101</marc:controlfield>
   <marc:controlfield tag="005">20171202145810.0</marc:controlfield>
   <marc:controlfield tag="007">tu</marc:controlfield>
   <marc:controlfield tag="008">151130s2016    gw ||||| |||| 00||||ger  </marc:controlfield>
   <marc:datafield ind1=" " ind2=" " tag="015">
      <marc:subfield code="a">16,A51</marc:subfield>
      <marc:subfield code="z">15,N50</marc:subfield>
      <marc:subfield code="2">dnb</marc:subfield>
   </marc:datafield>
   <marc:datafield ind1="7" ind2=" " tag="016">
      <marc:subfield code="2">DE-101</marc:subfield>
      <marc:subfield code="a">1079490655</marc:subfield>
   </marc:datafield>
   <marc:datafield ind1=" " ind2=" " tag="020">
      <marc:subfield code="a">9783446250888</marc:subfield>
      <marc:subfield code="c">Festeinband : ca. EUR 13.30 (AT), ca. EUR 12.90 (DE)</marc:subfield>
      <marc:subfield code="9">978-3-446-25088-8</marc:subfield>
   </marc:datafield>
   <marc:datafield ind1=" " ind2=" " tag="020">
      <marc:subfield code="a">3446250883</marc:subfield>
      <marc:subfield code="9">3-446-25088-3</marc:subfield>
   </marc:datafield>
   <marc:datafield ind1="3" ind2=" " tag="024">
      <marc:subfield code="a">9783446250888</marc:subfield>
   </marc:datafield>
   <marc:datafield ind1="5" ind2="2" tag="028">
      <marc:subfield code="a">Best.-Nr.: 545/25088</marc:subfield>
   </marc:datafield>
   <marc:datafield ind1=" " ind2=" " tag="035">
      <marc:subfield code="a">(DE-599)DNB1079490655</marc:subfield>
   </marc:datafield>
   <marc:datafield ind1=" " ind2=" " tag="035">
      <marc:subfield code="a">(OCoLC)932024168</marc:subfield>
   </marc:datafield>
   <marc:datafield ind1=" " ind2=" " tag="040">
      <marc:subfield code="a">1245</marc:subfield>
      <marc:subfield code="b">ger</marc:subfield>
      <marc:subfield code="c">DE-101</marc:subfield>
      <marc:subfield code="d">9999</marc:subfield>
      <marc:subfield code="e">rda</marc:subfield>
   </marc:datafield>
   <marc:datafield ind1=" " ind2=" " tag="041">
      <marc:subfield code="a">ger</marc:subfield>
   </marc:datafield>
   <marc:datafield ind1=" " ind2=" " tag="044">
      <marc:subfield code="c">XA-DE-BY</marc:subfield>
   </marc:datafield>
   <marc:datafield ind1="7" ind2="4" tag="082">
      <marc:subfield code="a">K</marc:subfield>
      <marc:subfield code="q">DE-101</marc:subfield>
      <marc:subfield code="2">23sdnb</marc:subfield>
   </marc:datafield>
   <marc:datafield ind1=" " ind2=" " tag="090">
      <marc:subfield code="a">b</marc:subfield>
   </marc:datafield>
   <marc:datafield ind1="1" ind2=" " tag="100">
      <marc:subfield code="0">(DE-588)120578069</marc:subfield>
      <marc:subfield code="0">http://d-nb.info/gnd/120578069</marc:subfield>
      <marc:subfield code="0">(DE-101)120578069</marc:subfield>
      <marc:subfield code="a">Pehnt, Annette</marc:subfield>
      <marc:subfield code="d">1967-</marc:subfield>
      <marc:subfield code="e">Verfasser</marc:subfield>
      <marc:subfield code="4">aut</marc:subfield>
   </marc:datafield>
   <marc:datafield ind1="0" ind2="0" tag="245">
      <marc:subfield code="a">Alle für Anuka</marc:subfield>
      <marc:subfield code="c">Annette Pehnt</marc:subfield>
   </marc:datafield>
   <marc:datafield ind1=" " ind2="1" tag="264">
      <marc:subfield code="a">München</marc:subfield>
      <marc:subfield code="b">Carl Hanser Verlag</marc:subfield>
      <marc:subfield code="c">[2016]</marc:subfield>
   </marc:datafield>
   <marc:datafield ind1=" " ind2=" " tag="300">
      <marc:subfield code="a">138 Seiten</marc:subfield>
      <marc:subfield code="b">Illustrationen</marc:subfield>
      <marc:subfield code="c">22 cm</marc:subfield>
   </marc:datafield>
   <marc:datafield ind1=" " ind2=" " tag="336">
      <marc:subfield code="a">Text</marc:subfield>
      <marc:subfield code="b">txt</marc:subfield>
      <marc:subfield code="2">rdacontent</marc:subfield>
   </marc:datafield>
   <marc:datafield ind1=" " ind2=" " tag="337">
      <marc:subfield code="a">ohne Hilfsmittel zu benutzen</marc:subfield>
      <marc:subfield code="b">n</marc:subfield>
      <marc:subfield code="2">rdamedia</marc:subfield>
   </marc:datafield>
   <marc:datafield ind1=" " ind2=" " tag="338">
      <marc:subfield code="a">Band</marc:subfield>
      <marc:subfield code="b">nc</marc:subfield>
      <marc:subfield code="2">rdacarrier</marc:subfield>
   </marc:datafield>
   <marc:datafield ind1=" " ind2=" " tag="385">
      <marc:subfield code="0">(DE-588)4030550-8</marc:subfield>
      <marc:subfield code="0">http://d-nb.info/gnd/4030550-8</marc:subfield>
      <marc:subfield code="0">(DE-101)040305503</marc:subfield>
      <marc:subfield code="a">Kind</marc:subfield>
      <marc:subfield code="2">gnd</marc:subfield>
   </marc:datafield>
   <marc:datafield ind1=" " ind2="7" tag="650">
      <marc:subfield code="0">(DE-588)4400765-6</marc:subfield>
      <marc:subfield code="0">http://d-nb.info/gnd/4400765-6</marc:subfield>
      <marc:subfield code="0">(DE-101)946767513</marc:subfield>
      <marc:subfield code="a">Ferienzentrum</marc:subfield>
      <marc:subfield code="2">gnd</marc:subfield>
   </marc:datafield>
   <marc:datafield ind1=" " ind2="7" tag="650">
      <marc:subfield code="0">(DE-588)4230128-2</marc:subfield>
      <marc:subfield code="0">http://d-nb.info/gnd/4230128-2</marc:subfield>
      <marc:subfield code="0">(DE-101)042301289</marc:subfield>
      <marc:subfield code="a">Deutscher Urlauber</marc:subfield>
      <marc:subfield code="2">gnd</marc:subfield>
   </marc:datafield>
   <marc:datafield ind1=" " ind2="7" tag="650">
      <marc:subfield code="0">(DE-588)4029002-5</marc:subfield>
      <marc:subfield code="0">http://d-nb.info/gnd/4029002-5</marc:subfield>
      <marc:subfield code="0">(DE-101)040290026</marc:subfield>
      <marc:subfield code="a">Junge</marc:subfield>
      <marc:subfield code="2">gnd</marc:subfield>
   </marc:datafield>
   <marc:datafield ind1=" " ind2="7" tag="650">
      <marc:subfield code="0">(DE-588)4133051-1</marc:subfield>
      <marc:subfield code="0">http://d-nb.info/gnd/4133051-1</marc:subfield>
      <marc:subfield code="0">(DE-101)04133051X</marc:subfield>
      <marc:subfield code="a">Familienurlaub</marc:subfield>
      <marc:subfield code="2">gnd</marc:subfield>
   </marc:datafield>
   <marc:datafield ind1=" " ind2="7" tag="650">
      <marc:subfield code="0">(DE-588)4400765-6</marc:subfield>
      <marc:subfield code="0">http://d-nb.info/gnd/4400765-6</marc:subfield>
      <marc:subfield code="0">(DE-101)946767513</marc:subfield>
      <marc:subfield code="a">Ferienzentrum</marc:subfield>
      <marc:subfield code="2">gnd</marc:subfield>
   </marc:datafield>
   <marc:datafield ind1=" " ind2="7" tag="650">
      <marc:subfield code="0">(DE-588)4482072-0</marc:subfield>
      <marc:subfield code="0">http://d-nb.info/gnd/4482072-0</marc:subfield>
      <marc:subfield code="0">(DE-101)952550067</marc:subfield>
      <marc:subfield code="a">Deutscher Junge</marc:subfield>
      <marc:subfield code="2">gnd</marc:subfield>
   </marc:datafield>
   <marc:datafield ind1=" " ind2="7" tag="650">
      <marc:subfield code="0">(DE-588)4136264-0</marc:subfield>
      <marc:subfield code="0">http://d-nb.info/gnd/4136264-0</marc:subfield>
      <marc:subfield code="0">(DE-101)041362640</marc:subfield>
      <marc:subfield code="a">Rebellion</marc:subfield>
      <marc:subfield code="2">gnd</marc:subfield>
   </marc:datafield>
   <marc:datafield ind1=" " ind2="7" tag="650">
      <marc:subfield code="0">(DE-588)4128152-4</marc:subfield>
      <marc:subfield code="0">http://d-nb.info/gnd/4128152-4</marc:subfield>
      <marc:subfield code="0">(DE-101)041281527</marc:subfield>
      <marc:subfield code="a">Kinderarbeit</marc:subfield>
      <marc:subfield code="2">gnd</marc:subfield>
   </marc:datafield>
   <marc:datafield ind1=" " ind2="7" tag="650">
      <marc:subfield code="0">(DE-588)4036871-3</marc:subfield>
      <marc:subfield code="0">http://d-nb.info/gnd/4036871-3</marc:subfield>
      <marc:subfield code="0">(DE-101)040368718</marc:subfield>
      <marc:subfield code="a">Mädchen</marc:subfield>
      <marc:subfield code="2">gnd</marc:subfield>
   </marc:datafield>
   <marc:datafield ind1=" " ind2="7" tag="650">
      <marc:subfield code="0">(DE-588)4002963-3</marc:subfield>
      <marc:subfield code="0">http://d-nb.info/gnd/4002963-3</marc:subfield>
      <marc:subfield code="0">(DE-101)040029638</marc:subfield>
      <marc:subfield code="a">Armut</marc:subfield>
      <marc:subfield code="2">gnd</marc:subfield>
   </marc:datafield>
   <marc:datafield ind1=" " ind2="7" tag="651">
      <marc:subfield code="0">(DE-588)4078023-5</marc:subfield>
      <marc:subfield code="0">http://d-nb.info/gnd/4078023-5</marc:subfield>
      <marc:subfield code="0">(DE-101)040780236</marc:subfield>
      <marc:subfield code="a">Südeuropa</marc:subfield>
      <marc:subfield code="2">gnd</marc:subfield>
   </marc:datafield>
   <marc:datafield ind1=" " ind2=" " tag="653">
      <marc:subfield code="a">(Produktform)Hardback</marc:subfield>
   </marc:datafield>
   <marc:datafield ind1=" " ind2=" " tag="653">
      <marc:subfield code="a">(Zielgruppe)ab 10 Jahre</marc:subfield>
   </marc:datafield>
   <marc:datafield ind1=" " ind2=" " tag="653">
      <marc:subfield code="a">(Produktform (spezifisch))Paper over boards</marc:subfield>
   </marc:datafield>
   <marc:datafield ind1=" " ind2=" " tag="653">
      <marc:subfield code="a">Armut</marc:subfield>
   </marc:datafield>
   <marc:datafield ind1=" " ind2=" " tag="653">
      <marc:subfield code="a">Freundschaft</marc:subfield>
   </marc:datafield>
   <marc:datafield ind1=" " ind2=" " tag="653">
      <marc:subfield code="a">(Produktgruppe)00020</marc:subfield>
   </marc:datafield>
   <marc:datafield ind1=" " ind2=" " tag="653">
      <marc:subfield code="a">(Artikeltyp)20002</marc:subfield>
   </marc:datafield>
   <marc:datafield ind1=" " ind2=" " tag="653">
      <marc:subfield code="a">(Verlagssektor)54500</marc:subfield>
   </marc:datafield>
   <marc:datafield ind1=" " ind2=" " tag="653">
      <marc:subfield code="a">(VLB-WN)1250: Hardcover, Softcover / Kinder- und Jugendbücher/Kinderbücher bis 11 Jahre</marc:subfield>
   </marc:datafield>
   <marc:datafield ind1=" " ind2="7" tag="655">
      <marc:subfield code="0">(DE-588)4303251-5</marc:subfield>
      <marc:subfield code="0">http://d-nb.info/gnd/4303251-5</marc:subfield>
      <marc:subfield code="0">(DE-101)043032516</marc:subfield>
      <marc:subfield code="a">Kinderbuch</marc:subfield>
      <marc:subfield code="2">gnd-content</marc:subfield>
   </marc:datafield>
   <marc:datafield ind1=" " ind2="7" tag="655">
      <marc:subfield code="0">(DE-101)1010718363</marc:subfield>
      <marc:subfield code="a">Kinderbücher bis 11 Jahre</marc:subfield>
      <marc:subfield code="2">gatbeg</marc:subfield>
   </marc:datafield>
   <marc:datafield ind1="0" ind2="0" tag="689">
      <marc:subfield code="0">(DE-588)4078023-5</marc:subfield>
      <marc:subfield code="0">http://d-nb.info/gnd/4078023-5</marc:subfield>
      <marc:subfield code="0">(DE-101)040780236</marc:subfield>
      <marc:subfield code="D">g</marc:subfield>
      <marc:subfield code="a">Südeuropa</marc:subfield>
   </marc:datafield>
   <marc:datafield ind1="0" ind2="1" tag="689">
      <marc:subfield code="0">(DE-588)4400765-6</marc:subfield>
      <marc:subfield code="0">http://d-nb.info/gnd/4400765-6</marc:subfield>
      <marc:subfield code="0">(DE-101)946767513</marc:subfield>
      <marc:subfield code="D">s</marc:subfield>
      <marc:subfield code="a">Ferienzentrum</marc:subfield>
   </marc:datafield>
   <marc:datafield ind1="0" ind2="2" tag="689">
      <marc:subfield code="0">(DE-588)4230128-2</marc:subfield>
      <marc:subfield code="0">http://d-nb.info/gnd/4230128-2</marc:subfield>
      <marc:subfield code="0">(DE-101)042301289</marc:subfield>
      <marc:subfield code="D">s</marc:subfield>
      <marc:subfield code="a">Deutscher Urlauber</marc:subfield>
   </marc:datafield>
   <marc:datafield ind1="0" ind2="3" tag="689">
      <marc:subfield code="0">(DE-588)4029002-5</marc:subfield>
      <marc:subfield code="0">http://d-nb.info/gnd/4029002-5</marc:subfield>
      <marc:subfield code="0">(DE-101)040290026</marc:subfield>
      <marc:subfield code="D">s</marc:subfield>
      <marc:subfield code="a">Junge</marc:subfield>
   </marc:datafield>
   <marc:datafield ind1="0" ind2="4" tag="689">
      <marc:subfield code="0">(DE-588)4133051-1</marc:subfield>
      <marc:subfield code="0">http://d-nb.info/gnd/4133051-1</marc:subfield>
      <marc:subfield code="0">(DE-101)04133051X</marc:subfield>
      <marc:subfield code="D">s</marc:subfield>
      <marc:subfield code="a">Familienurlaub</marc:subfield>
   </marc:datafield>
   <marc:datafield ind1="0" ind2=" " tag="689">
      <marc:subfield code="5">DE-101</marc:subfield>
      <marc:subfield code="5">DE-101</marc:subfield>
   </marc:datafield>
   <marc:datafield ind1="1" ind2="0" tag="689">
      <marc:subfield code="0">(DE-588)4400765-6</marc:subfield>
      <marc:subfield code="0">http://d-nb.info/gnd/4400765-6</marc:subfield>
      <marc:subfield code="0">(DE-101)946767513</marc:subfield>
      <marc:subfield code="D">s</marc:subfield>
      <marc:subfield code="a">Ferienzentrum</marc:subfield>
   </marc:datafield>
   <marc:datafield ind1="1" ind2="1" tag="689">
      <marc:subfield code="0">(DE-588)4482072-0</marc:subfield>
      <marc:subfield code="0">http://d-nb.info/gnd/4482072-0</marc:subfield>
      <marc:subfield code="0">(DE-101)952550067</marc:subfield>
      <marc:subfield code="D">s</marc:subfield>
      <marc:subfield code="a">Deutscher Junge</marc:subfield>
   </marc:datafield>
   <marc:datafield ind1="1" ind2="2" tag="689">
      <marc:subfield code="0">(DE-588)4136264-0</marc:subfield>
      <marc:subfield code="0">http://d-nb.info/gnd/4136264-0</marc:subfield>
      <marc:subfield code="0">(DE-101)041362640</marc:subfield>
      <marc:subfield code="D">s</marc:subfield>
      <marc:subfield code="a">Rebellion</marc:subfield>
   </marc:datafield>
   <marc:datafield ind1="1" ind2="3" tag="689">
      <marc:subfield code="0">(DE-588)4128152-4</marc:subfield>
      <marc:subfield code="0">http://d-nb.info/gnd/4128152-4</marc:subfield>
      <marc:subfield code="0">(DE-101)041281527</marc:subfield>
      <marc:subfield code="D">s</marc:subfield>
      <marc:subfield code="a">Kinderarbeit</marc:subfield>
   </marc:datafield>
   <marc:datafield ind1="1" ind2="4" tag="689">
      <marc:subfield code="0">(DE-588)4036871-3</marc:subfield>
      <marc:subfield code="0">http://d-nb.info/gnd/4036871-3</marc:subfield>
      <marc:subfield code="0">(DE-101)040368718</marc:subfield>
      <marc:subfield code="D">s</marc:subfield>
      <marc:subfield code="a">Mädchen</marc:subfield>
   </marc:datafield>
   <marc:datafield ind1="1" ind2="5" tag="689">
      <marc:subfield code="0">(DE-588)4002963-3</marc:subfield>
      <marc:subfield code="0">http://d-nb.info/gnd/4002963-3</marc:subfield>
      <marc:subfield code="0">(DE-101)040029638</marc:subfield>
      <marc:subfield code="D">s</marc:subfield>
      <marc:subfield code="a">Armut</marc:subfield>
   </marc:datafield>
   <marc:datafield ind1="1" ind2=" " tag="689">
      <marc:subfield code="5">DE-101</marc:subfield>
      <marc:subfield code="5">DE-101</marc:subfield>
   </marc:datafield>
   <marc:datafield ind1="1" ind2=" " tag="700">
      <marc:subfield code="0">(DE-588)129641200</marc:subfield>
      <marc:subfield code="0">http://d-nb.info/gnd/129641200</marc:subfield>
      <marc:subfield code="0">(DE-101)129641200</marc:subfield>
      <marc:subfield code="a">Bauer, Jutta</marc:subfield>
      <marc:subfield code="e">Illustrator</marc:subfield>
      <marc:subfield code="4">ill</marc:subfield>
   </marc:datafield>
   <marc:datafield ind1=" " ind2=" " tag="850">
      <marc:subfield code="a">DE-101a</marc:subfield>
      <marc:subfield code="a">DE-101b</marc:subfield>
   </marc:datafield>
   <marc:datafield ind1="r" ind2=" " tag="925">
      <marc:subfield code="a">ra</marc:subfield>
   </marc:datafield>
   <marc:datafield ind1="1" ind2=" " tag="926">
      <marc:subfield code="a">YFB</marc:subfield>
      <marc:subfield code="o">93</marc:subfield>
      <marc:subfield code="q">Publisher</marc:subfield>
      <marc:subfield code="v">1.1</marc:subfield>
      <marc:subfield code="x">Kinder/Jugendliche: Gegenwartsliteratur</marc:subfield>
   </marc:datafield>
   <marc:datafield ind1="2" ind2=" " tag="926">
      <marc:subfield code="a">YXE</marc:subfield>
      <marc:subfield code="o">93</marc:subfield>
      <marc:subfield code="q">Publisher</marc:subfield>
      <marc:subfield code="v">1.1</marc:subfield>
      <marc:subfield code="x">Kinder/Jugendliche: Persönliche und soziale Themen: Emotionen</marc:subfield>
   </marc:datafield>
   <marc:datafield ind1="2" ind2=" " tag="926">
      <marc:subfield code="a">YXHB</marc:subfield>
      <marc:subfield code="o">93</marc:subfield>
      <marc:subfield code="q">Publisher</marc:subfield>
      <marc:subfield code="v">1.1</marc:subfield>
      <marc:subfield code="x">Kinder/Jugendliche: Persönliche und soziale Themen. Freunde und Freundschaft</marc:subfield>
   </marc:datafield>
   <marc:datafield ind1="2" ind2=" " tag="926">
      <marc:subfield code="a">YXZ</marc:subfield>
      <marc:subfield code="o">93</marc:subfield>
      <marc:subfield code="q">Publisher</marc:subfield>
      <marc:subfield code="v">1.1</marc:subfield>
      <marc:subfield code="x">Kinder/Jugendliche: Soziale Themen</marc:subfield>
   </marc:datafield>
   <marc:datafield ind1="2" ind2=" " tag="926">
      <marc:subfield code="a">5AL</marc:subfield>
      <marc:subfield code="o">98</marc:subfield>
      <marc:subfield code="q">Publisher</marc:subfield>
      <marc:subfield code="v">1.1</marc:subfield>
      <marc:subfield code="x">empfohlenes Alter: ab 10 Jahre</marc:subfield>
   </marc:datafield>
</marc:record>
